Μανιτάρια της Σάμου

Αποθηκεύτηκε σε:
Λεπτομέρειες βιβλιογραφικής εγγραφής
Συγγραφή απο Οργανισμό/Αρχή: ΤΕΕ Καρλοβασίου
Μορφή: Βιβλίο
Γλώσσα:Greek
Δημοσίευση: Σάμος : Samos printing, [200-?]
Θέματα:
Ετικέτες: Προσθήκη ετικέτας
Δεν υπάρχουν, Καταχωρήστε ετικέτα πρώτοι!

MARC

LEADER 00000cam a2200000 i 4500
001 1/4130
008 100203q gre d
035 |l 10106625 
040 |a GR-MY-UA  |b gre  |e aacr 
041 0 |a gre 
082 0 |a 579.6  |2 (22) 
110 2 |a ΤΕΕ Καρλοβασίου. 
245 1 0 |a Μανιτάρια της Σάμου /  |c ΤΕΕ Καρλοβασίου - Τομέας Γεωπονίας ; υπεύθυνοι καθηγητές Κων/νος Καραδήμος, Θεόφιλος Δημητρακόπουλος 
260 |a Σάμος :   |b Samos printing,   |c [200-?] 
300 |a 35 σ.;  |b εγχρ. εικ.;  |c 24 εκ. 
504 |a Βιβλιογραφία: σ.35 
650 0 |a Mushrooms  |z Greece  |z Samos (Municipality) 
650 0 |a Edible mushrooms  |z Greece  |z Samos (Municipality) 
852 |a INST  |b SAMOS  |e 20100203  |h 579.6 ΜΑΝ  |p 005300026144  |q 005300026144  |t BK  |y 0 
852 |a INST  |b SAMOS  |e 20100203  |h 579.6 ΜΑΝ  |p 005300026146  |q 005300026146  |t BK  |y 0 
901 |a BIBL3-2010-1 
909 |a Σ  |b 134101 
909 |a Σ  |b 134102 
920 |a ΤΕΕ Καρλοβασίου Σάμου  |b Τομέας Γεωπονίας  |y ΣΑΜΟΣ  |z 2007-09 
970 |a ΚΟΣΙΕΡΗΣ  |b ΧΡΗΣΤΟΣ  |z 2010/02/03